书目信息 |
| 题名: |
中国民营企业文化建设发展报告
|
|
| 作者: | 李亚 主编 | |
| 分册: | 2013 | |
| 出版信息: | 北京 中国经济出版社 2014 |
|
| 页数: | 242页 | |
| 开本: | 26cm | |
| 丛书名: | ||
| 单 册: | ||
| 中图分类: | F279.245 | |
| 科图分类: | ||
| 主题词: | 民营企业--企业文化--建设--研究报告--中国--2013 | |
| 电子资源: | ||
| ISBN: | 978-7-5136-2325-4 | |
| 000 | 01101nam0 2200253 450 | |
| 001 | 338930 | |
| 005 | 20150603152627.93 | |
| 010 | @a978-7-5136-2325-4@dCNY120.00 | |
| 100 | @a20140421d2014 em y0chiy50 ea | |
| 101 | 0 | @achi |
| 102 | @aCN@b110000 | |
| 105 | @ay z 000yy | |
| 106 | @ar | |
| 200 | 1 | @a中国民营企业文化建设发展报告@Azhong guo min ying qi ye wen hua jian she fa zhan bao gao@h2013@f李亚主编 |
| 210 | @a北京@c中国经济出版社@d2014 | |
| 215 | @a242页@d26cm | |
| 300 | @a中国民营企业发展系列报告 | |
| 304 | @a英文共同题名:Report on corporate culture construction of China's private enterprises | |
| 330 | @a本书分为六个部分: 现状篇、专项篇、行业篇、地区篇、借鉴篇和未来发展篇, 涉及民营企业文化建设的知识、理论、特点、功能、构建、技巧以及和谐文化、创新文化、学习型组织、跨文化管理等诸多方面内容。每个章节都有大量内容丰富翔实的案例, 记录了民营企业探索企业文化的成功和失败的足迹。 | |
| 606 | 0 | @a民营企业@x企业文化@x建设@x研究报告@y中国@z2013 |
| 690 | @aF279.245@v5 | |
| 701 | 0 | @a李亚@Ali ya@c(企业管理)@4主编 |
| 801 | 0 | @aCN@b卓展宏图@c20150525 |
| 905 | @dF279.245@e1224@f2 | |
| 中国民营企业文化建设发展报告.2013/李亚主编.-北京:中国经济出版社,2014 |
| 242页;26cm |
| 中国民营企业发展系列报告 |
| ISBN 978-7-5136-2325-4:CNY120.00 |
| 本书分为六个部分: 现状篇、专项篇、行业篇、地区篇、借鉴篇和未来发展篇, 涉及民营企业文化建设的知识、理论、特点、功能、构建、技巧以及和谐文化、创新文化、学习型组织、跨文化管理等诸多方面内容。每个章节都有大量内容丰富翔实的案例, 记录了民营企业探索企业文化的成功和失败的足迹。 |
| ● |
| 相关链接 |
|
|
|
|
正题名:中国民营企业文化建设发展报告
索取号:F279.245/1224
 
预约/预借
| 序号 | 登录号 | 条形码 | 馆藏地/架位号 | 状态 | 备注 |
| 1 | 861146 | 208611466 | 第一样本阅览室/ [索取号:F279.245/1224] | 在馆 | |
| 2 | 861147 | 208611475 | 第一借阅区/ [索取号:F279.245/1224] | 在馆 |